000 00213 a2200097 4500
001 11347
100 _aScaff, A.
245 _aThe Philippine Answer to
260 _a
_bStanford University
_c
090 _c8896
_d8896
942 _aNUST-CAE
_cM
_c35706
999 _c246420
_d246420